00871cam a2200265 i 450000100090000000300040000900500170001300800410003001000170007102000360008802000330012402000450015704000230020204200080022505000240023308200140025710000290027124501070030025000210040730000280042850400670045665000330052370000200055670000290057617584347OSt20170306111957.0130109s2014 mau b 001 0 eng  a 2013930445 a9780205862733 (Student edition) a020586273X (Student edition) a9780205930531 (Instructor's review copy) aDLCbengcDLCerda apcc00aBF637.C45bB43 201400a153.62231 aBeebe, Steven A.,d1950-10aInterpersonal communication :brelating to others /cSteven A. Beebe, Susan J. Beebe, Mark V. Redmond. aSeventh edition. axvi, 416 pages ;c26 cm aIncludes bibliographical references (pages 378-401) and index. 0aInterpersonal communication.1 aBeebe, Susan J.1 aRedmond, Mark V.,d1949-